00305nam a2200121Ia 4500008004100000041000800041082001200049100001600061245003600077260003600113300002300149365001100172240624s9999 xx 000 0 und d aeng a340 DWI aDWIVEDI S L aBOMBAY LABOUR WELFARE FUNDS ACT c2007aBombaybLabour Law Agency a24 : p. : cm. ; 25 cRSb15